000 00726cam a2200241 4500
001 ABS62712
008 000000n2000 000 0 eng u
035 _a(Sirsi) u108270
245 _aFocus 2000: East Scotland
260 _c2000
490 _aEstates Gazette
_v(0035) 2 September 2000, 61-86(18)
590 _aABS
650 _aSCOTLAND
650 _aDUNDEE
650 _aABERDEEN
650 _aINVERNESS
650 _aEDINBURGH
650 _aPROPERTY-COMMERCIAL PROPERTY-RETAIL PROPERTY-RETAIL PROPERTY MARKET
650 _aPROPERTY-COMMERCIAL PROPERTY-OFFICE PROPERTY-OFFICE PROPERTY MARKET
650 _aLEISURE MARKET
690 _aPROPERTY-COMMERCIAL PROPERTY-COMMERCIAL PROPERTY MARKET
942 _n0
999 _c64646
_d64646